Architecture of shame

Bibliographic Details
Main Author: Ho, Kwoncjan
Format: Book
Published: Singapore : Marshall Cavendish , 2019
Subjects:

MARC

LEADER 00000cam a2200000 7i4500
001 0000278996
005 20210401090856.0
020 |a 9789814841993 
090 0 0 |a F   |b HOK 
100 0 |a Ho, Kwoncjan 
245 1 0 |a Architecture of shame   |c Ho Kwoncjan 
260 |a Singapore :   |b Marshall Cavendish ,   |c 2019 
300 |a 275p. ;   |c 20cm. 
650 0 |a Fiction 
999 |a 00385932   |b BUKU   |c PINJAMAN   |e PERPUSTAKAAN KOMUNITI CAW BANDAR UTAMA